| 000 | 00678nam a2200193Ia 4500 | ||
|---|---|---|---|
| 008 | 151121s9999||||xx |||||||||||||| ||und|| | ||
| 082 | _a834/ वाजपे | ||
| 082 | _bHNW-69756 | ||
| 100 | _aवाजपेयी अटलबिहारी | ||
| 245 | _aकुछ लेख कुछ भाषण | ||
| 260 | _bकिताबघर न। दिल्ली। | ||
| 260 | _c-- | ||
| 300 | _a288 | ||
| 600 | _aवाजपेयी अटलबिहारी | ||
| 630 | _aकुछ लेख कुछ भाषण | ||
| 700 | _aवाजपेयी अटलबिहारी | ||
| 730 | _aकुछ लेख कुछ भाषण | ||
| 942 | _cBOOK | ||
| 999 |
_c1251237 _d1251234 |
||